02202cam a2200349 i 4500003000900000005001700009007000300026008004100029020001800070040003000088041000800118082002200126100005900148245015900207264004700366300002800413336002700441337003400468338002800502490001900530500007200549520085200621590002701473700004401500700004201544700004101586700004001627910001401667942001401681952014001695999001701835DO-SdBNP20260223063022.0ta751003s2018 sp 000 f spa d a9788416601684 aDO-SdBNPbspacBNPHUerda aspa 4a821.161bD7242221 aDostoievski, Fiórdor,d1821-1881eautor4aut.98445210aDiscurso del gran inquisidor /cFiórdor Dostoievski ; introducción, Antonio Lozano ; comentarios al texto, George Steiner, Aldous Huxley, Noam Chomsky 1aBarcelona, España :bArpa ideas, c2018. a118 páginas ;c22 cm. atextobtxt2rdacontent asin mediación bn2rdamedia avolumenbnc2rdacarrier1 aArpa ideasv42 aIncluye datos biográficos del autor en la solapa de la cubierta.  aEl discurso del gran inquisidor ocupa un lugar central en la arquitectura de la obra y el pensamiento de Fiódor Dostoievski, análogo al que ocupa El rey Lear en el universo de Shekespeare. El propósito y la fuerza poética de este texto son de tan múltiple riqueza y complejidad que puede interpretarse desde tantos puntos de vista diferentes como lectores tenga. En este memorable capítulo de Los hermanos Karamázov, que puede leerse con una obra filosófica completa en sí misma, Iván y Aliosha dialogan sobre la fe en Dios y la figura de Cristo, la libertad y la esclavitud del hombre, la compasión y la muerte. La presente edición se enmarca con una introducción de Antonio Lozano, la célebre interpretación de George Steiner en Tolstói o Dostoievski y comentarios al texto de Noam Chomsky y de Aldous Huzley.  aInventariado, 2023/ YL1 aLozano, Antonio,eintroducción9844361 aSteiner, George,ecomentarios 9260881 aHuxley, Aldous,ecomentarios 9844531 aChomsky, Noam,ecomentarios 944916 aYlockward 2ddccLBS1 00102ddc56708GRaBNPHUbBNPHUcCTd2019-02-02eLibrería Cuestal0oBNPHU GR 821.161 D724p2023-6863r2023-10-11w2023-10-11yLBS1 c55151d55151